[Event "AUTO-INT-3917"]
[Site "http://www.queenalice.com/game.php?id=1852242"]
[Date "2025.2.15"]
[Round "1"]
[White "zmanomega"]
[Black "Wilson"]
[Result "1-0"]
[WhiteElo "1655"]
[BlackElo "1545"]

1. e4 e5 2. Bc4 Nf6 3. Nc3 Bc5 4. Qf3 O-O 5. Nh3 d6 6. d3 Ng4 7. Bg5 Nf6 8. Nd5
Nbd7 9. Qg3 c6 10. Bh6 Nh5 11. Qf3 Nhf6 12. Bg5 h6 13. Nxf6+ Nxf6 14. Bd2 Bg4
15. Qg3 b5 16. Bb3 d5 17. f3 Bxh3 18. Qxh3 dxe4 19. fxe4 a5 20. a4 b4 21. Qg3
Nh5 22. Qg4 Nf6 23. Qf3 Qd4 24. O-O-O Bd6 25. c3 bxc3 26. bxc3 Qc5 27. Kc2 Qa3
28. Ra1 Qc5 29. g4 Qb6 30. g5 hxg5 31. Bxg5 Be7 32. Rhg1 Ra7 33. Bh6 c5 34.
Rxg7+ Kh8 35. Rg3 Rg8 36. Rb1 Bf8 37. Rxg8+ Kxg8 38. Qg3+ Kh7 39. Be3 Nh5 40.
Qxe5 Bg7 41. Qxh5+ Kg8 42. Rg1 Qh6 43. Bxh6 Kf8 44. Qxc5+ Re7 45. Rxg7 1-0

[Event "AUTO-INT-3917"]
[Site "http://www.queenalice.com/game.php?id=1852243"]
[Date "2025.2.15"]
[Round "1"]
[White "Wilson"]
[Black "zmanomega"]
[Result "1-0"]
[WhiteElo "1533"]
[BlackElo "1667"]

1. d4 d5 2. c4 Nf6 3. e3 Ne4 4. Nf3 f6 5. Bd3 Bg4 6. Nbd2 Nxd2 7. Bxd2 g6 8. h3
Be6 9. b3 Nc6 10. c5 b6 11. Bb5 Bd7 12. O-O h5 13. Qc2 Rg8 14. e4 e6 15. exd5
exd5 16. Rae1+ Ne7 17. Bxd7+ Qxd7 18. c6 Qd6 19. g3 Kf7 20. Ng5+ fxg5 21. Bxg5
Nxc6 22. Qd3 Ne7 23. Qf3+ Nf5 24. g4 hxg4 25. hxg4 Rh8 26. Re5 Re8 27. Rxf5+
gxf5 28. Qxf5+ Kg8 29. Bf4 Qe7 30. Qg6+ Bg7 31. Be5 Rh7 32. Bxg7 Rxg7 33. Qh5
Qf6 34. Qxe8+ Kh7 35. Qh5+ Qh6 36. Qf5+ Qg6 37. Qxg6+ Rxg6 38. f3 Rc6 39. Rf2 a5
40. Rh2+ Kg7 41. f4 Rc1+ 42. Kg2 Rd1 43. f5 Rxd4 44. Rh4 Rd2+ 45. Kf3 d4 46. g5
Rc2 47. Rh6 d3 48. f6+ Kg8 49. g6 d2 50. Ke2 Rc6 51. f7+ Kg7 52. Rh7+ Kf8 53.
Rh8+ 1-0

[Event "AUTO-INT-3917"]
[Site "http://www.queenalice.com/game.php?id=1852260"]
[Date "2025.2.15"]
[Round "1"]
[White "Wilson"]
[Black "Carlos19"]
[Result "0-1"]
[WhiteElo "1592"]
[BlackElo "1726"]

1. d4 e6 2. e4 d5 3. e5 f6 4. Nf3 f5 5. Bg5 Be7 6. Bf4 h6 7. Bd3 g5 8. Nxg5 hxg5
9. Bg3 f4 10. Bg6+ Kd7 11. O-O fxg3 12. fxg3 c5 13. c3 c4 14. Rf7 Rh6 15. Qa4+
Nc6 16. Rg7 a6 17. Nd2 b5 18. Qc2 b4 19. Nxc4 Qf8 20. Nb6+ Kd8 21. Rf7 Qe8 22.
Nxa8 bxc3 23. bxc3 Kd7 24. Nb6+ Kc7 25. Na8+ Kb8 26. Nb6 Bb7 27. Na4 Na5 28. Nc5
Bxc5 29. Rb1 Qc6 30. Rh7 Rxh7 31. Bxh7 Ne7 32. Qf2 Bb6 33. Qf8+ Ka7 34. Qxe7
Qxc3 35. h3 Qxd4+ 36. Kh2 Qxe5 37. Rc1 Be3 38. Rb1 d4 39. Bd3 Qd5 40. Qc7 Qxg2#
0-1

[Event "AUTO-INT-3917"]
[Site "http://www.queenalice.com/game.php?id=1852261"]
[Date "2025.2.15"]
[Round "1"]
[White "Carlos19"]
[Black "Wilson"]
[Result "1-0"]
[WhiteElo "1729"]
[BlackElo "1566"]

1. e4 e5 2. Nf3 d6 3. Bc4 Nf6 4. Nc3 c6 5. d3 Be7 6. Ng5 d5 7. exd5 Nxd5 8. Nxd5
Bxg5 9. Nc3 O-O 10. Ne4 Bxc1 11. Qxc1 Qd4 12. O-O b5 13. Bb3 Bf5 14. h3 Nd7 15.
g4 Bxe4 16. dxe4 Qxe4 17. Re1 Qf3 18. Re3 Qf4 19. f3 Qg3+ 20. Kf1 Qxh3+ 21. Ke2
c5 22. c4 a6 23. a4 bxc4 24. Bxc4 Qh2+ 25. Kd3 Qf4 26. Bd5 Rac8 27. Qc4 Qxc4+
28. Bxc4 Kh8 29. Bxa6 Rc6 30. Bb5 Rd6+ 31. Kc3 Nb6 32. Rxe5 f6 33. Rxc5 Nd5+ 34.
Kc4 Ne3+ 35. Kc3 Nd5+ 36. Kb3 Nb6 37. Rc6 Rxc6 38. Bxc6 Rb8 39. Ka3 Nc4+ 40. Ka2
Nxb2 41. Re1 h6 42. a5 Nc4 43. a6 Nb6 44. Re7 Nc8 45. Rb7 Rxb7 46. axb7 1-0

[Event "AUTO-INT-3917"]
[Site "http://www.queenalice.com/game.php?id=1852262"]
[Date "2025.2.15"]
[Round "1"]
[White "Wilson"]
[Black "Daniel1962"]
[Result "0-1"]
[WhiteElo "1581"]
[BlackElo "1669"]

1. d4 d5 2. c4 e6 3. e3 c6 4. c5 Nf6 5. Nf3 Ne4 6. Bd3 Be7 7. O-O Nd7 8. Nc3
Nxc3 9. bxc3 Nf6 10. Ng5 h6 11. Nxf7 Kxf7 12. Qf3 Qa5 13. Bd2 Qa3 14. e4 dxe4
15. Bxe4 Rf8 16. Bc1 Qa5 17. c4 Kg8 18. Bg6 Nd5 19. Qd3 Nb4 20. Bh7+ Kh8 21. Qe4
Qc7 22. Bxh6 gxh6 23. d5 exd5 24. Qg6 Bxc5 25. Rae1 Bf5 26. Qxh6 Bxh7 27. Re6
Nd3 28. Rf6 Rxf6 29. Qxf6+ Qg7 30. Qf3 dxc4 31. Rc1 Nxc1 0-1

[Event "AUTO-INT-3917"]
[Site "http://www.queenalice.com/game.php?id=1852263"]
[Date "2025.2.15"]
[Round "1"]
[White "Daniel1962"]
[Black "Wilson"]
[Result "1-0"]
[WhiteElo "1667"]
[BlackElo "1557"]

1. e4 e5 2. Bc4 Nf6 3. d3 Bc5 4. Qe2 O-O 5. Nf3 d6 6. Bg5 Nbd7 7. Nc3 h6 8. Bh4
c6 9. h3 b5 10. Bb3 a5 11. a3 a4 12. Ba2 b4 13. Nb1 Qb6 14. O-O b3 15. cxb3 axb3
16. Bxb3 Qxb3 17. Rc1 Ba6 18. Rc3 Qb5 19. a4 Qb4 20. Qc2 Nb6 21. a5 Nbd5 22. Rb3
Ne3 23. fxe3 Bxe3+ 24. Bf2 Rab8 25. Rxb4 Rxb4 26. Bxe3 c5 27. Nbd2 d5 28. Bxc5
Rc8 29. Nb3 Rb5 30. d4 Nxe4 31. Nxe5 Rb7 32. Nd3 Bxd3 33. Qxd3 Nxc5 34. Nxc5
Rxb2 35. Qf5 Rcb8 36. Qxd5 Re8 37. Rf1 Rf8 38. Nd7 Rd8 39. Qxf7+ Kh8 40. d5 Rd2
41. a6 Ra2 42. Qe7 Rc8 43. Rf8+ Rxf8 44. Qxf8+ 1-0

[Event "Let's Play Chess!"]
[Site "http://www.queenalice.com/game.php?id=1859308"]
[Date "2025.7.6"]
[Round "-"]
[White "igor12345"]
[Black "Wilson"]
[Result "1-0"]
[WhiteElo "1985"]
[BlackElo "1510"]

1. e4 e5 2. f4 d6 3. Nf3 Nf6 4. Nc3 Be7 5. Bc4 O-O 6. d3 c6 7. fxe5 b5 8. Bb3
dxe5 9. Nxe5 a5 10. a4 b4 11. Ne2 Be6 12. Bxe6 fxe6 13. Nf3 Nbd7 14. Nfd4 Qb6
15. h3 c5 16. Nb5 c4 17. Ned4 Ne5 18. Bf4 Nc6 19. Nxe6 Rfe8 20. Nec7 Bc5 21.
Nxa8 Qb7 22. Nac7 Rd8 23. Ne6 Rd7 24. Nxc5 Rxd3 25. cxd3 Qb6 26. Ne6 Nh5 27.
Qxh5 cxd3 28. Qe8# 1-0

[Event "AUTO-INT-3939"]
[Site "http://www.queenalice.com/game.php?id=1860126"]
[Date "2025.7.18"]
[Round "1"]
[White "renet54"]
[Black "Wilson"]
[Result "1-0"]
[WhiteElo "1628"]
[BlackElo "1531"]

1. e4 e5 2. Nf3 d6 3. d4 Nf6 4. Bc4 Be7 5. O-O O-O 6. Bg5 Nbd7 7. dxe5 dxe5 8.
Nc3 h6 9. Qd2 hxg5 10. Nxg5 Nd5 11. Bxd5 Nf6 12. Nxf7 Qd7 13. Nxe5+ Nxd5 14.
Nxd7 Bxd7 15. Nxd5 Bh4 16. g3 Bh3 17. Rfe1 Rad8 18. gxh4 c6 19. Ne7+ Kh7 20. Qg5
Rf6 21. Nf5 Bxf5 22. exf5 Rd7 23. Qh5+ Rh6 24. Qg5 Rf6 25. Re4 Rff7 26. Rae1 Rf8
27. Qh5+ Kg8 28. Re8 Rf7 29. Rxf8+ Rxf8 30. Re7 Rf6 31. Qg5 Rf7 32. Rxf7 Kxf7
33. Qg6+ 1-0

[Event "AUTO-INT-3939"]
[Site "http://www.queenalice.com/game.php?id=1860127"]
[Date "2025.7.18"]
[Round "1"]
[White "Wilson"]
[Black "renet54"]
[Result "1-0"]
[WhiteElo "1508"]
[BlackElo "1677"]

1. d4 d5 2. e3 Nf6 3. Nf3 e6 4. Be2 Be7 5. O-O O-O 6. c4 c5 7. b3 Nbd7 8. Nbd2
cxd4 9. exd4 dxc4 10. Nxc4 b5 11. Nce5 Nxe5 12. Nxe5 Bb7 13. a4 Qd5 14. Bf3 Qd6
15. Bxb7 Rab8 16. Ba3 Qb6 17. Bxe7 Rfe8 18. Bxf6 gxf6 19. Qg4+ Kf8 20. Nd7+ 1-0

[Event "AUTO-INT-3939"]
[Site "http://www.queenalice.com/game.php?id=1860152"]
[Date "2025.7.18"]
[Round "1"]
[White "nuzera"]
[Black "Wilson"]
[Result "1-0"]
[WhiteElo "1474"]
[BlackElo "1492"]

1. e4 e5 2. Nf3 d6 3. d4 Nf6 4. dxe5 Nxe4 5. Bd3 Bf5 6. Bxe4 Bxe4 7. O-O Be7 8.
Nd4 O-O 9. Qg4 d5 10. Bh6 Bg6 11. Bf4 h5 12. Qg3 Nd7 13. e6 Bh4 14. exf7+ Rxf7
15. Qxg6 Rxf4 16. Qe6+ Kh8 17. Qxd5 Rg4 18. Ne6 Qe7 19. Nc3 Nb6 20. Qxh5+ Kg8
21. Qxg4 Bf6 22. Nb5 Bxb2 23. Rae1 Bf6 24. Nexc7 Qxe1 25. Rxe1 Rd8 26. Re8+ Kf7
27. Qh5+ g6 28. Qh7+ Bg7 29. Qg8+ Kf6 30. Rxd8 a6 31. Qe6+ Kg5 32. Qxb6 Bf6 33.
Qc5+ Kh6 34. Qf8+ Bg7 35. Qf4+ Kh7 36. Qh4+ Bh6 37. Rd7+ Kg8 38. Qd8+ Bf8 39.
Ne6 1-0

[Event "AUTO-INT-3939"]
[Site "http://www.queenalice.com/game.php?id=1860153"]
[Date "2025.7.18"]
[Round "1"]
[White "Wilson"]
[Black "nuzera"]
[Result "1-0"]
[WhiteElo "1475"]
[BlackElo "1492"]

1. e4 e5 2. d4 Bb4+ 3. c3 Bd6 4. Nf3 Nc6 5. d5 Nce7 6. c4 Nf6 7. Bd3 Bb4+ 8.
Nbd2 Bc5 9. O-O c6 10. d6 Bxd6 11. a3 O-O 12. b4 a5 13. c5 Bc7 14. Bb2 d6 15.
Nc4 Ng4 16. h3 Nf6 17. Nb6 Bxb6 18. cxb6 Qxb6 19. Rb1 axb4 20. Qb3 Be6 21. Bc4
d5 22. exd5 cxd5 23. Be2 d4 24. Bc4 Ned5 25. Nxe5 Ne3 26. fxe3 dxe3 27. Rfe1 Ne4
28. axb4 Nd2 29. Qc3 Nxb1 30. Rxb1 e2+ 31. Kh1 Rad8 32. Bxe2 Rc8 33. Nc4 f6 34.
Nxb6 Rxc3 35. Bxc3 Re8 36. Bb5 Re7 37. Rd1 Kf7 38. Nd5 Bxd5 39. Rxd5 g6 40. Bc4
Kg7 41. Rd8 Kh6 42. Bxf6 Re4 43. Bd5 Rxb4 44. Rd7 b5 45. Bc6 g5 46. g4 Kg6 47.
Bg7 Rf4 48. Bxb5 Rf3 49. Kh2 h6 50. Bc6 Rf2+ 51. Kg3 Rf4 52. Be5 Rc4 53. Rg7#
1-0